Statistiques concernant Caricatures de Présidents français

Cliquez ici pour prendre le quiz!

Statistiques générales

  • Ce quiz a été pris 185 fois
  • Le résultat moyen est 10 sur 21

Statistiques - réponses

Réponse% Correct
Nicolas Sarkozy
96%
Emmanuel Macron
93%
Jacques Chirac
93%
François Hollande
92%
Charles de Gaulle
88%
Louis-Napoléon Bonaparte
78%
François Mitterrand
75%
Georges Pompidou
63%
Valéry Giscard d'Estaing
61%
Adolphe Thiers
39%
Jules Grévy
26%
Marie-François Sadi-Carnot
26%
Raymond Poincaré
26%
Armand Fallières
20%
Paul Deschanel
19%
Paul Doumer
19%
Alexandre Millerand
17%
Patrice de Mac-Mahon
17%
Félix Faure
16%
Emile Loubet
15%
Jean Casimir-Périer
14%

Distribution des résultats

Percentile par nombre de réponses

% des personnes avec chaque résultat

Votre développement - résultats

Vous n’avez pas pris ce quiz